00966cam a2200277 a 450000100060000000300080000600500170001400800410003102000150007203500190008704000390010604100080014508200240015324500560017726000470023330000350028050000510031550000370036650400410040365000280044465000230047270000270049594200120052299900170053495201370055111131BD-RjUL20211208235057.0140126s1986 nyua b 001 0 eng d a0442246420 a(BD-RjUL)11180 aDLCcDLCdDLCdOCoLCdBD-RjULbeng aeng00a552.5219bSOI 198600aSoil mineral weathering /cedited by J.A. Kittrick. aNew York :bVan Nostrand Reinhold,cc1986. axiii, 271 p. :bill. ;c26 cm. aReprints of articles from various periodicals. a"A Hutchinson Ross publication." aIncludes bibliographies and indexes. 0aSoil mineralogy.934430 0aWeathering.9344311 aKittrick, J. A.934432 2ddccBK c11131d11131 00102ddc40718NFICaRUCLbRUCLcReadingd1992-06-01eAsia foundationl0o552.5 SOI 1986r2014-01-26 00:00:00tC-1w2014-01-26yBK